书目信息 |
| 题名: |
精细有机合成化学与工艺学
|
|
| 作者: | 唐培堃 主编 | |
| 分册: | ||
| 出版信息: | 北京 化学工业出版社 2002 |
|
| 页数: | 426页 | |
| 开本: | 23cm | |
| 丛书名: | ||
| 单 册: | ||
| 中图分类: | TQ2 | |
| 科图分类: | ||
| 主题词: | 精细化工--有机合成--高等学校--教材 , 精细化工 , 有机合成 | |
| 电子资源: | ||
| ISBN: | 7-5025-3460-1 | |
| 000 | 00987nam0 2200265 45 | |
| 001 | 0900000003276 | |
| 005 | 20070714184230.91 | |
| 010 | @a7-5025-3460-1@dCNY38.00 | |
| 100 | @a20040518e20032002ekmy0chiy0120 ea | |
| 101 | 0 | @achi |
| 102 | @aCN@b110000 | |
| 105 | @aak az 000yy | |
| 200 | 1 | @a精细有机合成化学与工艺学@Ajing xi you ji he cheng hua xue yu gong yi xue@f唐培堃主编@Ftang pei kun zhu bian |
| 210 | @a北京@c化学工业出版社@d2002@h2003重印 | |
| 215 | @a426页@c图@d23cm | |
| 300 | @a面向21世纪课程教材 | |
| 320 | @a有书目 | |
| 330 | @a本书内容包括绪论、精细有机合成基础、卤化、磺化和硫酸比、硝化和亚硝化、还原、氧化、重氮化和重氮盐的反应、氨基化、烃化、酰化、水解、缩合、环合共十二个单元反应,各章均叙述了理论、影响因素和生产工艺,并有若干典型生产实例。 | |
| 606 | 0 | @a精细化工@x有机合成@x高等学校@j教材 |
| 606 | 0 | @a精细化工 |
| 606 | 0 | @a有机合成 |
| 690 | @aTQ2@v4 | |
| 701 | 0 | @a唐培堃@Atang pei kun@4主编 |
| 801 | 0 | @aCN@bTSSF@c20070714 |
| 905 | @a10447@dTQ2@e11 | |
| 精细有机合成化学与工艺学/唐培堃主编.-北京:化学工业出版社,2002(2003重印) |
| 426页:图;23cm |
| 面向21世纪课程教材 |
| ISBN 7-5025-3460-1:CNY38.00 |
| 本书内容包括绪论、精细有机合成基础、卤化、磺化和硫酸比、硝化和亚硝化、还原、氧化、重氮化和重氮盐的反应、氨基化、烃化、酰化、水解、缩合、环合共十二个单元反应,各章均叙述了理论、影响因素和生产工艺,并有若干典型生产实例。 |
| ● |
| 相关链接 |
|
|
|
|
正题名:精细有机合成化学与工艺学
索取号:TQ2/11
 
预约/预借
| 序号 | 登录号 | 条形码 | 馆藏地/架位号 | 状态 | 备注 |
| 1 | 0360046 | 3600464 | 第二样本阅览室/ [索取号:TQ2/11] | 在馆 | |
| 2 | 0360047 | 3600473 | 第三借阅区/ [索取号:TQ2/11] | 在馆 | |
| 3 | 0360048 | 3600482 | 第三借阅区/ [索取号:TQ2/11] | 在馆 | |
| 4 | 0779883 | 207798837 | 密集书库/ [索取号:TQ2/11] | 在馆 |